Measuring impact of information systems on business competitiveness using regression and ILP

Guardado en:
Detalles Bibliográficos
Autor principal: Sudzina, František
Otros Autores: Horváth, Tomáš
Formato: Capítulo de libro
Lenguaje:inglés
Materias:
Etiquetas: Agregar Etiqueta
Sin Etiquetas, Sea el primero en etiquetar este registro!

MARC

LEADER 00000naa$a2200000$$$4500
001 0023472
005 20240502071417.8
041 0 |a eng 
044 |a SK 
245 1 0 |a Measuring impact of information systems on business competitiveness using regression and ILP  |c František Sudzina, Tomáš Horváth 
610 2 0 |a podnik 
610 2 0 |a konkurencieschopnosť 
610 2 0 |a systémy informačné podnikové 
610 2 0 |a technológie informačné 
610 2 0 |a regresia 
100 1 |a Sudzina, František 
700 1 |a Horváth, Tomáš